• 首页
  • 本馆介绍
  • 公告通知
  • 最新文献
  • 馆藏检索
  • 电子资源
  • 读者导购
  • 参考咨询
  • 我的图书馆
  • 登录
  • 详细信息显示
  • 放入我的书架
  • 预约/预借图书
  • 作者相关作品
  • 分类相关作品
  • 丛书相关作品
  • 出版社相关作品

书目信息

  • 表格格式
  • 工作单格式
  • 卡片格式
书名: Becoming mature
作者: Valerie Malhotra Bentz
分册号:
分册名:
出版地: New York :
 
出版社: A. de Gruyter
出版时间: c1989.
页数: xvi, 280 p. ;
开本: 23 cm.
丛书名: Communication and social order
中图分类号:
科图分类号:
其他分类号: B844.3
主题词:
电子资源:
000 01176nam 2200337 a 4500
001 E0751598500
005 20070414160103.89
008 uu
008 00110 eng
010    @a89034828
020    @a0202303594 (pbk.).
020    @a0202303586.
040    @aDLC @cDLC @dDLC
043    @an-us---
049    @aN5LA
050 00 @aHQ1206 @b.B36 1989
082 00 @a155.6/33 @220
090    @aB844.3
099    @dB844.3@ex81
100 10 @aBentz, Valerie Malhotra, @d1942-
245 10 @aBecoming mature :@bchildhood ghosts and spirits in adult life / @cValerie Malhotra Bentz
260 0  @aNew York :@bA. de Gruyter,@cc1989.
300    @axvi, 280 p. ;@c23 cm.
440  0 @aCommunication and social order
500    @aIncludes index.
504    @aIncludes bibliographical references (p. 251-257).
650  0 @aAdult children of dysfunctional families @zUnited States @xCase studies. @b00 @c20020930 @lNLC09 @h2250 @lNLC09 @h2348 @lNLC09 @h1940
650  0 @aWomen @zUnited States @xPsychology @xCase studies.
650  0 @aMaturation (Psychology) @xCase studies.
700    @aBentz,Valerie Malhotra
852 9  @bWWJC @cJ08N @k2-90 @hB844.3 @iB47
    
    Becoming mature : : childhood ghosts and spirits in adult life / / Valerie Malhotra Bentz.-New York : : A. de Gruyter, , c1989.
    xvi, 280 p. ; ; 23 cm.- (Communication and social order )
    Includes index.-Includes bibliographical references (p. 251-257).
    
    ISBN 0202303594 (pbk.).
    
●
相关链接 在E读中查询图书 在五车中查询图书 在当当中查询图书 在豆瓣中查询图书


正题名:Becoming mature     索取号:B844.3/x81         预约/预借

序号 登录号 条形码 馆藏地/架位号 状态 备注
1 4090   300040907   第二样本阅览室/ [索取号:B844.3/x81] 在馆    
2 4091   300040916   第四借阅区/ [索取号:B844.3/x81] 在馆    
3 4092   300040925   第四借阅区/ [索取号:B844.3/x81] 在馆    
4 4093   300040934   第四借阅区/ [索取号:B844.3/x81] 在馆    
5 4094   300040943   第四借阅区/ [索取号:B844.3/x81] 在馆    
唐山师范学院图书馆 欢迎您!
大连网信软件有限公司© 版权所有